| 000 | 00543nam a22002057a 4500 | ||
|---|---|---|---|
| 003 | OSt | ||
| 005 | 20220107122731.0 | ||
| 008 | 140225b xxu||||| |||| 00| 0 eng d | ||
| 020 | _a9789350237984 | ||
| 040 | _cIIITM-K | ||
| 082 | _a006.7 KES/B | ||
| 100 |
_aKessin, Zachary _93270 |
||
| 245 |
_aBuilding web applications with Erlang _cby Zachary Kessin |
||
| 260 |
_aMumbai, _bO'Reilly, _c2012. |
||
| 300 | _axvi, 133p. | ||
| 650 |
_aCOMPUTER SCIENCE _93271 |
||
| 650 |
_aWEB APPLICATION _93272 |
||
| 650 |
_aERLANG _93273 |
||
| 942 |
_2ddc _cBK |
||
| 999 |
_c3614 _d3614 |
||